00754nam a2200193 i 4500001000700000003000900007007000300016008004100019100002600060245012100086260003900207300002900246490004400275700002800319830005200347852002100399999001900420952012100439129063ES-MaACLt|070605s1919 fr ||||1| fre d1 aTchernoff, J.910948514aLes nations et la Sociétè des Nations dans la politique moderne /cpar J. Tchernoff ; préface d'Albert Thomas. aParís : bFélix Alcan, c1919. aXXVII, 200 p. ; c19 cm.1 aBibliothèque d'histoire contemporaine1 aThomas, Arbert.91099980 aBibliothèque d'histoire contemporaine9180875 aES-MaACLjG-7277 c129063d129063 00104070aATENEOMbATENEOMcDEPO2d2008-01-17eSCl0oG-7277p1134404r2023-02-23 00:00:00w2023-02-23yMONOGRAFIA